000
00272nam a2200109 a 4500
005
20140414132008.0
008
110223s19uu xx 00 eng d
050
_a
VCD
_b
B76a
245
_a
Brilliant baby : Learn about head to toe.
650
_a
Body parts
999
_c
113200
_d
113200